00408nam a2200157Ia 4500008004100000020001800041041001200059082002200071100002500093245004900118250001100167260003300178300001300211942000700224999001900231240404s9999 xx 000 0 und d a9781484220498 aEnglish a005.3  SIR;1  R aSiriwardena, Prabath 0aAdvanced API security : OAuth 2.0 and beyond a2nd ed c2020bApress MediaaNew York axix, 449 cAA c296552d296552